000 00330cam a22001097a 4500
008 180718b1956 xxu||||| |||| 00| 0 eng d
082 _aYA537
245 _aAtomic and hydrogen weapons: comments and reactions 1954-1955
260 _aDelhi
_bLok Sabha Secretatriat
_c1956
300 _a107+p.
700 _aIndia. Lok Sabha Secretatriat
999 _c499255
_d499255